Detecció i intervenció del consum de drogues en menors d'edat : guia per a l'elaboració d'un protocol d'actuació en l'àmbit municipal / Noel Garcia López i Miriam Sol Torelló guia per a l'elaboració d'un protocol d'actuació en l'àmbit municipal / Noel Garcia López i Miriam Sol Torelló
ISBN:
978-84-9803-406-6
Descripción Física:
59 p. : quadres ; 29 cm
Otros Autores:
Sol Torelló, Miriam
MARC
| LEADER | 00000nam a2200000Ia 4500 | ||
|---|---|---|---|
| 001 | 23000 | ||
| 008 | 160829s2010 xx 000 0 cat d | ||
| 020 | |a 978-84-9803-406-6 | ||
| 080 | |a S-1-323 | ||
| 100 | |a Garcia López, Noel |9 46185 | ||
| 245 | |a Detecció i intervenció del consum de drogues en menors d'edat : |b guia per a l'elaboració d'un protocol d'actuació en l'àmbit municipal / Noel Garcia López i Miriam Sol Torelló | ||
| 260 | |a Barcelona : |b Diputació de Barcelona. Àrea de Benestar Social, |c 2010 | ||
| 300 | |a 59 p. : |b quadres ; |c 29 cm | ||
| 590 | |a Bibliografia | ||
| 650 | |a Menors |x Consum de drogues |x Manuals, guies, etc. |9 46186 | ||
| 700 | |a Sol Torelló, Miriam |9 46187 | ||
| 901 | |a Arxiu | ||
| 942 | |n 1 | ||
| 952 | |0 0 |1 0 |4 0 |6 S1323 |7 1 |9 53057 |a Arxiu |b Arxiu |d 2016-12-01 |l 0 |o S-1-323 |p 23000 |r 2016-12-01 00:00:00 |w 2016-12-01 |y ARXIU | ||
| 999 | |c 56906 |d 56906 | ||